000 00886nam a2200229Ia 4500
999 _c3457
_d3457
003 OSt
005 20200511141506.0
008 191128s2013 ck a gr 000 j spa d
020 _a9789587572711
040 _aCO-JMCR
_cCO-JMCR
041 _aspa
082 0 4 _aC /
_bOROt
100 _aOrozco Vargas, Julio,
_eselección
_94202
245 1 3 _aEl tesoro de los valores /
_cselección y adaptación Julio Orozco Vargas ; ilustraciones Sandra Ardila
260 _aBogotá :
_bProyectos Especiales Etce
_c2013
300 _a63 páginas :
_bilustraciones a color ;
_c28 cm.
505 _aSolidaridad -- Responsabilidad -- Laboriosidad -- Perseverancia -- Respeto -- Tolerancia -- Honestidad -- Libertad
650 _aCuentos colombianos
_94203
700 _aOrozco Vargas, Julio,
_eselección y adaptación
_94202
700 _aArdila, Sandra,
_eilustradora
_94204
942 _2ddc
_cBK